Freedom of the individual (Record no. 121367)
[ view plain ]
| 000 -LEADER | |
|---|---|
| fixed length control field | 00838cam a2200265 i 4500 |
| 001 - CONTROL NUMBER | |
| control field | 981571 |
| 003 - CONTROL NUMBER IDENTIFIER | |
| control field | ARRUPE |
| 005 - DATE AND TIME OF LATEST TRANSACTION | |
| control field | 20150813020030.0 |
| 008 - FIXED-LENGTH DATA ELEMENTS--GENERAL INFORMATION | |
| fixed length control field | 750603s1975 nju 000 0 eng |
| 010 ## - LIBRARY OF CONGRESS CONTROL NUMBER | |
| LC control number | 74022929 |
| 035 ## - SYSTEM CONTROL NUMBER | |
| System control number | (OCoLC)ocm01395497 |
| 035 ## - SYSTEM CONTROL NUMBER | |
| System control number | (NNC)981571 |
| 040 ## - CATALOGING SOURCE | |
| Original cataloging agency | DLC |
| Transcribing agency | DLC |
| Modifying agency | m.c. |
| -- | ZCU |
| 050 0# - LIBRARY OF CONGRESS CALL NUMBER | |
| Classification number | BJ1461 |
| Item number | .H27 |
| 082 ## - DEWEY DECIMAL CLASSIFICATION NUMBER | |
| Classification number | 123 |
| 300 ## - PHYSICAL DESCRIPTION | |
| Dimensions | 21 cm. |
| 100 1# - MAIN ENTRY--PERSONAL NAME | |
| Personal name | Hampshire, Stuart, |
| Dates associated with a name | 1914-2004. |
| 9 (RLIN) | 12996 |
| 245 10 - TITLE STATEMENT | |
| Title | Freedom of the individual |
| Statement of responsibility, etc | Stuart Hampshire. |
| 250 ## - EDITION STATEMENT | |
| Edition statement | Expanded ed. |
| 260 ## - PUBLICATION, DISTRIBUTION, ETC. (IMPRINT) | |
| Place of publication, distribution, etc | London. : |
| Name of publisher, distributor, etc | Chatto and Windus, |
| Date of publication, distribution, etc | 1965. |
| 300 ## - PHYSICAL DESCRIPTION | |
| Extent | 142 p. ; |
| 500 ## - GENERAL NOTE | |
| General note | "Extended version of the De Carle lectures delivered at the University of Otago at Dunedin, New Zealand, in July and August 1964." |
| 650 #0 - SUBJECT ADDED ENTRY--TOPICAL TERM | |
| Topical term or geographic name as entry element | Free will and determinism. |
| 9 (RLIN) | 12997 |
| 942 ## - ADDED ENTRY ELEMENTS (KOHA) | |
| Source of classification or shelving scheme | Library of Congress Classification |
| Koha item type | Monograph ( Printed materials) |
| Koha issues (borrowed), all copies | 1 |
| Withdrawn status | Lost status | Source of classification or shelving scheme | Damaged status | Not for loan | Collection code | Home library | Current library | Shelving location | Date acquired | Total Checkouts | Full call number | Barcode | Date last seen | Date checked out | Price effective from | Koha item type |
|---|---|---|---|---|---|---|---|---|---|---|---|---|---|---|---|---|
| Library of Congress Classification | Main Collection | ARRUPE LIBRARY | ARRUPE LIBRARY | Main Collection | 02/12/2014 | 5 | BJ1461 .H27 1965 | 46500003560 | 08/09/2017 | 25/08/2017 | 02/12/2014 | Monograph ( Printed materials) |